[Event "38th Olympiad w"]
[Site "Dresden GER"]
[Date "2008.11.21"]
[Round "8"]
[White "Korbut,E"]
[Black "Rohonyan,K"]
[Result "1/2-1/2"]
[WhiteElo "2459"]
[BlackElo "2334"]
[EventDate "2008.11.13"]

1. e4 c5 2. Nf3 Nc6 3. d4 cxd4 4. Nxd4 e5 5. Nb5 d6 6. c4 Be7 7. N1c3 a6 8.
Na3 Be6 9. Be2 Bg5 10. O-O Bxc1 11. Rxc1 Nf6 12. Qd2 O-O 13. Rfd1 Nd4 14.
Nc2 Nxc2 15. Rxc2 Rc8 16. b3 Rc6 17. h3 Qb6 18. Qc1 Qb4 19. Qb2 Rfc8 20.
Rdc1 h6 21. Bd3 R6c7 22. a3 Qb6 23. Rd1 Qc6 24. Rdc1 Qb6 25. Nd1 Qc6 26.
Nc3 1/2-1/2

[Event "38th Olympiad w"]
[Site "Dresden GER"]
[Date "2008.11.21"]
[Round "8"]
[White "Paulet,I"]
[Black "Van Weersel,A"]
[Result "1-0"]
[WhiteElo "2307"]
[BlackElo "2209"]
[EventDate "2008.11.13"]

1. e4 e5 2. Nf3 Nc6 3. Bb5 a6 4. Ba4 Nf6 5. O-O b5 6. Bb3 Be7 7. Re1 O-O 8.
c3 d5 9. exd5 Nxd5 10. Nxe5 Nxe5 11. Rxe5 c6 12. d3 Bd6 13. Re1 Bf5 14. Qf3
Qh4 15. g3 Qh3 16. Bxd5 cxd5 17. Qxd5 Rad8 18. Qg2 Qxg2+ 19. Kxg2 Bxd3 20.
Be3 Be5 21. a3 Be4+ 22. f3 Bb7 23. Nd2 f5 24. Nb3 Bd5 25. Bg5 Rde8 26. Nc5
h6 27. Nd7 hxg5 28. Rxe5 Rxe5 29. Nxe5 Re8 30. Re1 g4 31. Kf2 gxf3 32. Nxf3
Rf8 33. Re5 Ba2 34. Ke3 g6 35. Re7 Rf6 36. Kf4 Kf8 37. Ra7 Re6 38. Nd4 Rd6
39. Kg5 Bc4 40. Rc7 Bd5 41. Kf4 Rb6 42. Ke5 Ba2 43. Rc6 Rxc6 44. Nxc6 Kf7
45. Nb4 1-0

[Event "38th Olympiad w"]
[Site "Dresden GER"]
[Date "2008.11.21"]
[Round "8"]
[White "Rozic,V"]
[Black "Heredia Serrano,C"]
[Result "0-1"]
[WhiteElo "2293"]
[BlackElo "2105"]
[EventDate "2008.11.13"]

1. d4 Nf6 2. Nf3 g6 3. Bg5 Bg7 4. Nbd2 O-O 5. c3 d6 6. e4 c5 7. dxc5 dxc5
8. Be2 Nc6 9. O-O Qc7 10. Qc2 Rd8 11. Rfe1 h6 12. Bh4 Nh5 13. Nc4 Be6 14.
a4 a6 15. Bf1 b5 16. axb5 axb5 17. Ne3 Rxa1 18. Rxa1 b4 19. Rd1 Rxd1 20.
Nxd1 bxc3 21. bxc3 g5 22. Bg3 Nxg3 23. hxg3 Qa5 24. Nd2 Qa1 25. Nc4 Bxc3
26. Qxc3 Qxd1 27. Ne3 Qd4 28. Qa3 Nb4 29. Qa8+ Kg7 30. Qe8 Qd7 31. Qb8 Qd6
32. Qb5 Qc6 33. Qa5 f6 34. Nf5+ Bxf5 35. exf5 Qd5 36. g4 h5 37. Qc7 Qd6 38.
Qc8 hxg4 39. Bc4 Qd1+ 40. Kh2 g3+ 41. Kxg3 Qd6+ 42. Kh3 g4+ 43. Kxg4 Qd4+
44. f4 Qxc4 45. Qe8 Nd5 46. Qg6+ Kf8 47. Qh6+ Ke8 48. Qh8+ Kd7 49. Qb8
Qxf4+ 50. Qxf4 Nxf4 51. Kxf4 Kc6 52. Ke4 Kd6 53. g4 Kc6 54. Kf4 Kd5 55. g5
fxg5+ 56. Kxg5 c4 57. Kf4 Kd4 0-1

[Event "38th Olympiad w"]
[Site "Dresden GER"]
[Date "2008.11.21"]
[Round "8"]
[White "Cmilyte,V"]
[Black "Dembo,Y"]
[Result "1/2-1/2"]
[WhiteElo "2512"]
[BlackElo "2446"]
[EventDate "2008.11.13"]

1. d4 Nf6 2. c4 g6 3. g3 Bg7 4. Bg2 O-O 5. Nf3 d6 6. O-O Nc6 7. Nc3 Bf5 8.
Ne1 Qd7 9. e4 Bh3 10. Nc2 Bxg2 11. Kxg2 e5 12. d5 Ne7 13. f3 Nh5 14. Be3 f5
15. Bf2 Nf6 16. c5 h5 17. cxd6 cxd6 18. exf5 gxf5 19. f4 Ng6 20. Kh1 Rf7
21. Qf3 1/2-1/2

[Event "38th Olympiad w"]
[Site "Dresden GER"]
[Date "2008.11.21"]
[Round "8"]
[White "Le Thanh Tu"]
[Black "Mongontuul,B"]
[Result "1/2-1/2"]
[WhiteElo "2324"]
[BlackElo "2410"]
[EventDate "2008.11.13"]

1. d4 Nf6 2. c4 g6 3. Nc3 Bg7 4. e4 d6 5. Nf3 O-O 6. h3 c5 7. d5 a6 8. a4
e6 9. Be2 exd5 10. exd5 Re8 11. O-O Ne4 12. Nxe4 Rxe4 13. Bd3 Re8 14. Qc2
Nd7 15. Bg5 f6 16. Bd2 f5 17. Rae1 Ne5 18. Be2 Bd7 19. Nh2 Rb8 20. b3 b5
21. axb5 axb5 22. f4 bxc4 23. bxc4 Rb2 24. Qc1 Nf7 25. Bd3 Rxe1 26. Rxe1
Ra2 27. Bb1 Ra1 28. Qc2 Ba4 29. Qd3 Qf6 30. Nf3 Qb2 31. Qf1 Bb3 32. Bd3
Rxe1 33. Qxe1 Qa1 34. Qxa1 Bxa1 35. Ba5 Kf8 36. Kf2 Ke7 37. g4 fxg4 38.
hxg4 Ba4 39. Kg3 Bd7 40. Be2 Bb2 41. Bd2 Kf6 42. Ba5 Ke7 43. Bd2 Kf6 44.
Ba5 Ke7 45. Bd2 1/2-1/2

[Event "38th Olympiad w"]
[Site "Dresden GER"]
[Date "2008.11.21"]
[Round "8"]
[White "Ordaz Valdes,L"]
[Black "Pintor,A"]
[Result "1-0"]
[WhiteElo "2306"]
[BlackElo "2152"]
[EventDate "2008.11.13"]

1. d4 Nf6 2. c4 g6 3. Nc3 Bg7 4. e4 d6 5. f4 O-O 6. Nf3 c5 7. d5 e6 8. dxe6
Bxe6 9. Bd3 Nc6 10. f5 Bc8 11. O-O b6 12. Kh1 Bb7 13. Nd5 Re8 14. Bg5 Nb4
15. a3 Bxd5 16. exd5 Nxd3 17. Qxd3 Qd7 18. Nd2 Ng4 19. Qg3 Nh6 20. f6 Bf8
21. Qf4 Nf5 22. g4 Ne3 23. Rg1 Qd8 24. Rac1 h6 25. Bh4 Re5 26. Bf2 Nxg4 27.
Rxg4 h5 28. Rg2 Kh7 29. Bh4 Bh6 30. Bg5 Rf5 31. Qe3 Re5 32. Ne4 Qe8 33.
Bxh6 Rxe4 34. Qd2 Rd4 35. Qg5 Rg4 36. Rxg4 hxg4 37. Qxg4 Qe5 38. Bg7 Re8
39. Qh4+ Qh5 40. Qxh5+ gxh5 41. Rc2 1-0

[Event "38th Olympiad w"]
[Site "Dresden GER"]
[Date "2008.11.21"]
[Round "8"]
[White "Baptista,A"]
[Black "Pina Vega,S"]
[Result "1-0"]
[WhiteElo "2168"]
[BlackElo "2286"]
[EventDate "2008.11.13"]

1. e4 c5 2. Nf3 d6 3. d4 cxd4 4. Nxd4 Nf6 5. Nc3 Nc6 6. Bc4 e6 7. Bb3 a6 8.
O-O Be7 9. Be3 Qc7 10. f4 O-O 11. Qf3 Nxd4 12. Bxd4 b5 13. a3 Qb7 14. Rae1
Bd7 15. f5 b4 16. axb4 Qxb4 17. Rd1 a5 18. fxe6 Bxe6 19. Bxe6 fxe6 20. Qh3
Qc4 21. b3 Qc8 22. e5 dxe5 23. Bxe5 Ra6 24. Qg3 Ne8 25. Kh1 Bf6 26. Ne4 Be7
27. Rxf8+ Bxf8 28. Rf1 Qd7 29. Qf3 Ba3 30. Bb2 Bb4 31. c3 h6 32. cxb4 1-0

[Event "38th Olympiad w"]
[Site "Dresden GER"]
[Date "2008.11.21"]
[Round "8"]
[White "Grigoryan Lyell,M"]
[Black "Stojanovic,Mari"]
[Result "1-0"]
[WhiteElo "2076"]
[BlackElo "2199"]
[EventDate "2008.11.13"]

1. d4 Nf6 2. c4 e6 3. Nf3 d5 4. Qc2 Be7 5. Nc3 Nbd7 6. Bf4 c6 7. e3 O-O 8.
Bd3 b6 9. Ne5 Bb7 10. cxd5 exd5 11. O-O Re8 12. Ne2 Nb8 13. Ng3 Bf8 14. Bg5
g6 15. f4 Be7 16. f5 Ne4 17. Bh6 Nd7 18. fxg6 fxg6 19. Nf7 Qb8 20. Nxe4
dxe4 21. Qb3 1-0

[Event "38th Olympiad w"]
[Site "Dresden GER"]
[Date "2008.11.21"]
[Round "8"]
[White "Tilenbaeva,J"]
[Black "Golubenko,Valen"]
[Result "0-1"]
[WhiteElo "2037"]
[BlackElo "2273"]
[EventDate "2008.11.13"]

1. e4 d5 2. exd5 Nf6 3. Nc3 Nxd5 4. Nf3 g6 5. Bc4 c6 6. d4 Bg7 7. O-O Bg4
8. Re1 O-O 9. Bg5 Re8 10. h3 Bf5 11. Nh4 Be6 12. Rxe6 fxe6 13. Qg4 Qc8 14.
Re1 Na6 15. Rxe6 Nac7 16. Rxe7 Rxe7 17. Bxe7 Qxg4 18. hxg4 Bxd4 19. Nf3 Bg7
20. Bd6 Kh8 21. Ne5 Bf8 22. Nf7+ Kg7 23. Be5+ Kxf7 24. Bxc7 Ke6 25. Ne4 Kd7
26. Bg3 Be7 27. c3 b5 28. Bb3 Rf8 29. Be5 Nf6 30. Ng5 Nxg4 31. Be6+ Kd8 32.
Bg7 Rf4 33. g3 Ra4 34. Nxh7 Re4 35. Bf7 Re1+ 36. Kg2 Re2 37. Bxg6 Rxf2+ 38.
Kh3 Nf6 39. Nxf6 Bxf6 40. Bxf6+ Rxf6 41. Be4 Rf2 42. b3 Rxa2 43. Bxc6 Ra3
44. Bd5 a5 45. g4 a4 46. bxa4 Rxc3+ 47. Kh4 bxa4 48. g5 Ke7 49. Kh5 Rd3 50.
Bc4 Rd4 51. Ba2 Rd2 52. Bc4 a3 0-1

[Event "38th Olympiad w"]
[Site "Dresden GER"]
[Date "2008.11.21"]
[Round "8"]
[White "Sargac,R"]
[Black "Tilenbaev,B"]
[Result "1-0"]
[WhiteElo "2195"]
[BlackElo "1980"]
[EventDate "2008.11.13"]

1. d4 Nf6 2. c4 e6 3. g3 c5 4. d5 d6 5. Nc3 e5 6. Bg2 Be7 7. e4 O-O 8. Nge2
a6 9. O-O Bd7 10. f4 Qc8 11. f5 b5 12. b3 b4 13. Nb1 a5 14. a4 Na6 15. h3
Nc7 16. g4 Kh8 17. Ng3 Qd8 18. Be3 Nce8 19. g5 Ng8 20. Qh5 Qc8 21. Nd2 Bd8
22. Nf3 g6 23. Qg4 Ng7 24. Nh4 Ne7 25. Rf2 Rg8 26. Qf3 gxf5 27. exf5 Ne8
28. Raf1 Ra7 29. Qh5 f6 30. g6 Nxg6 31. Nxg6+ 1-0

[Event "38th Olympiad w"]
[Site "Dresden GER"]
[Date "2008.11.21"]
[Round "8"]
[White "Bayrak,A"]
[Black "Mira,H"]
[Result "0-1"]
[WhiteElo "2005"]
[BlackElo "2115"]
[EventDate "2008.11.13"]

1. e4 d6 2. d4 Nf6 3. f3 g6 4. Bd3 e5 5. d5 Bg7 6. Ne2 O-O 7. Be3 c6 8. c4
a6 9. O-O cxd5 10. cxd5 b5 11. Qd2 Nbd7 12. a4 bxa4 13. Rc1 Nc5 14. Rxc5
dxc5 15. Bxc5 Re8 16. Nbc3 Nd7 17. Be3 Nb6 18. Nxa4 Nxa4 19. Rxa4 Bf8 20.
Nc3 a5 21. Qf2 Bb4 22. Bb6 Qe7 23. Kh1 Bd7 24. Nb5 Rec8 25. Ra1 Rab8 26.
Na3 Bxa3 27. bxa3 Rc3 28. Bf1 a4 29. h3 Rbc8 30. Ba5 Rxa3 31. Rd1 Qd6 32.
Bd3 Rb3 33. Ra1 0-1

[Event "38th Olympiad w"]
[Site "Dresden GER"]
[Date "2008.11.21"]
[Round "8"]
[White "Vega Gutierrez,S"]
[Black "Sergeeva,M"]
[Result "1-0"]
[WhiteElo "2278"]
[BlackElo "2325"]
[EventDate "2008.11.13"]

1. e4 c5 2. Nf3 d6 3. d4 cxd4 4. Nxd4 Nf6 5. Nc3 a6 6. h3 e6 7. g4 b5 8.
Bg2 Bb7 9. O-O b4 10. Nd5 Nc6 11. g5 exd5 12. gxf6 Qxf6 13. Nxc6 Bxc6 14.
exd5 Bb5 15. Re1+ Be7 16. a3 O-O 17. axb4 Rfe8 18. Ra3 Bf8 19. Rae3 Rxe3
20. Rxe3 g6 21. Bd2 Qd4 22. c3 Qf6 23. b3 a5 24. c4 axb4 25. cxb5 Ra1 26.
Bc1 Bh6 27. Re8+ Kg7 28. Rc8 1-0

[Event "38th Olympiad w"]
[Site "Dresden GER"]
[Date "2008.11.21"]
[Round "8"]
[White "Nakhbayeva,G"]
[Black "Delgado Crespo,M"]
[Result "1-0"]
[WhiteElo "2201"]
[BlackElo "2277"]
[EventDate "2008.11.13"]

1. d4 d5 2. c4 e6 3. Nf3 c6 4. Qc2 Nf6 5. g3 Nbd7 6. Bg2 Bd6 7. O-O O-O 8.
Rd1 Qe7 9. Nbd2 e5 10. dxe5 Nxe5 11. Nxe5 Qxe5 12. Nf3 Bf5 13. Qd2 Qe7 14.
Nd4 Be4 15. f3 Bg6 16. cxd5 cxd5 17. Qe3 Qd7 18. Qb3 h6 19. Be3 Rfe8 20.
Bf2 Bc5 21. Bf1 Rac8 22. Rac1 b6 23. Kg2 a6 24. a4 Qb7 25. Rc3 Nd7 26. Rdc1
Rc7 27. g4 Bd6 28. Rxc7 Bxc7 29. e3 Bd6 30. Rc6 Be5 31. Qxd5 Nf6 32. Qc4
Kh8 33. h3 Rd8 34. Qxa6 Qxa6 35. Bxa6 Nd5 36. Bc4 Bxd4 37. exd4 Nf4+ 38.
Kg3 Nd3 39. Rxb6 Nxf2 40. Kxf2 Rxd4 41. b3 Rd2+ 42. Kg3 Ra2 43. f4 Be4 44.
Kh4 Rh2 45. Bxf7 1-0

[Event "38th Olympiad w"]
[Site "Dresden GER"]
[Date "2008.11.21"]
[Round "8"]
[White "Llaneza Vega,P"]
[Black "Rysbayeva,A"]
[Result "1-0"]
[WhiteElo "2246"]
[BlackElo "2180"]
[EventDate "2008.11.13"]

1. e4 e5 2. Nc3 Nf6 3. g3 d5 4. exd5 Nxd5 5. Bg2 Be6 6. Nf3 Nc6 7. O-O Nxc3
8. bxc3 e4 9. Ne1 f5 10. d3 Qd7 11. Qe2 exd3 12. Nxd3 O-O-O 13. Nf4 Bf7 14.
Be3 g5 15. Rab1 Nb4 16. Nd3 Nd5 17. Ne5 Qe8 18. Nxf7 Qxf7 19. Bxg5 Rd7 20.
Rxb7 Nxc3 21. Qa6 1-0

[Event "38th Olympiad w"]
[Site "Dresden GER"]
[Date "2008.11.21"]
[Round "8"]
[White "Erneste,I"]
[Black "De Leon,P"]
[Result "1-0"]
[WhiteElo "2290"]
[BlackElo "1748"]
[EventDate "2008.11.13"]

1. e4 e6 2. d4 d5 3. exd5 exd5 4. Nf3 Bg4 5. Be2 Nc6 6. O-O Qd7 7. c3 O-O-O
8. b4 Bd6 9. Nbd2 f6 10. Nb3 g5 11. Nc5 Qf7 12. Nxg5 Qh5 13. Bxg4+ 1-0

[Event "38th Olympiad w"]
[Site "Dresden GER"]
[Date "2008.11.21"]
[Round "8"]
[White "Munoz,Do"]
[Black "Bernales,C"]
[Result "0-1"]
[WhiteElo "1917"]
[BlackElo "1998"]
[EventDate "2008.11.13"]

1. e4 e6 2. d4 d5 3. e5 c5 4. Bb5+ Bd7 5. Bxd7+ Nxd7 6. c3 Qb6 7. Nf3 cxd4
8. cxd4 Ne7 9. O-O Nc6 10. Nc3 Be7 11. a3 O-O 12. Qd3 Rac8 13. Rd1 Na5 14.
Ng5 Bxg5 15. Bxg5 Nc4 16. b3 Nb2 17. Na4 Nxa4 18. bxa4 Rc4 19. Rab1 Qa6 20.
Rb4 Rfc8 21. a5 b6 22. axb6 axb6 23. Rb3 Qa4 24. Be3 Rc3 25. Rxc3 Rxc3 26.
Qb1 Qxa3 27. Qb5 Qb3 28. Rb1 Qxb5 29. Rxb5 Kf8 30. Kf1 Ke8 31. Ke1 Kd8 32.
Kd2 Rc4 33. Kd3 Kc7 34. Rb3 Kc6 35. Bd2 b5 36. f4 Nb6 37. g4 Ra4 38. Rc3+
Nc4 39. Bc1 Ra2 40. Rc2 Rxc2 41. Kxc2 b4 42. f5 g6 43. fxg6 fxg6 44. h4 Kb5
45. Kb3 Na5+ 46. Kc2 Kc4 47. Bb2 Nc6 48. Kd2 Nxd4 49. Ke3 Nc6 50. Kf4 d4
51. h5 gxh5 52. Ke4 0-1

[Event "38th Olympiad w"]
[Site "Dresden GER"]
[Date "2008.11.21"]
[Round "8"]
[White "Solomons,A"]
[Black "Boric,E"]
[Result "0-1"]
[WhiteElo "1908"]
[BlackElo "2292"]
[EventDate "2008.11.13"]

1. d4 f5 2. c4 Nf6 3. Nc3 g6 4. h4 Bg7 5. h5 d6 6. hxg6 hxg6 7. Rxh8+ Bxh8
8. Bg5 Be6 9. Nf3 Qd7 10. e3 Bf7 11. Qc2 Nc6 12. a3 Nh7 13. O-O-O Nxg5 14.
Nxg5 Bg8 15. f4 O-O-O 16. d5 Nb8 17. Nb5 b6 18. Nxa7+ Kb7 19. Nb5 c6 20.
dxc6+ Nxc6 21. g4 Na5 22. Qa4 Qc6 23. Rd2 Bxc4 24. Rc2 Qh1 25. Rf2 Bxf1 26.
Qd1 Qc6+ 27. Nc3 Bxc3 0-1

[Event "38th Olympiad w"]
[Site "Dresden GER"]
[Date "2008.11.21"]
[Round "8"]
[White "Sammalvuo,N"]
[Black "Winkelmann,E"]
[Result "1-0"]
[WhiteElo "2245"]
[BlackElo "2096"]
[EventDate "2008.11.13"]

1. e4 c5 2. Nf3 e6 3. d3 Nc6 4. g3 g6 5. Bg2 Bg7 6. O-O Nge7 7. c3 O-O 8.
d4 cxd4 9. cxd4 d6 10. Nc3 b6 11. d5 Na5 12. dxe6 Bxe6 13. Nd4 a6 14. Nxe6
fxe6 15. Bh3 e5 16. Nd5 Nec6 17. Qg4 Nd4 18. Bg2 Ra7 19. Bg5 Qe8 20. Rac1
Nac6 21. Nxb6 h6 22. Be3 h5 23. Qd1 Rb7 24. Nc4 Qe6 25. Rc3 Qg4 26. Ra3
Qxd1 27. Rxd1 Ra8 28. Rd2 Bf8 29. Na5 Nxa5 30. Rxa5 Nc6 31. Ra4 Kf7 32. Bf1
a5 33. Bc4+ Ke7 34. Bd5 Kd7 35. a3 Be7 36. Rc2 Ra6 37. Rac4 Rc7 38. b4 axb4
39. axb4 1-0

[Event "38th Olympiad w"]
[Site "Dresden GER"]
[Date "2008.11.21"]
[Round "8"]
[White "Ulms,S"]
[Black "Uusitupa,E"]
[Result "1-0"]
[WhiteElo "2160"]
[BlackElo "1702"]
[EventDate "2008.11.13"]

1. d4 Nf6 2. c4 g6 3. Nc3 Bg7 4. e4 d6 5. Be2 O-O 6. Bg5 c5 7. d5 h6 8. Bf4
Qa5 9. Qd2 Kh7 10. h4 a6 11. f3 b5 12. cxb5 axb5 13. Nxb5 Nh5 14. Qxa5 Rxa5
15. Bd2 Bxb2 16. Rb1 Rxa2 17. Bc4 Ra1 18. Rxa1 Bxa1 19. g4 Nf6 20. Ne2 Nfd7
21. Nec3 Nb6 22. Be2 Ba6 23. Kf2 Bxc3 24. Bxc3 Na4 25. Ba5 Nd7 26. Ra1 Nab6
27. Bc3 Bxb5 28. Bxb5 Ne5 29. Ra7 Rb8 30. Bxe5 dxe5 31. Rxe7 Nc8 32. Rxf7+
Kg8 33. Rc7 Nd6 34. Be2 Rf8 35. Ke3 Rc8 36. Rc6 Rxc6 37. dxc6 Kf7 38. Ba6
Ke7 39. f4 exf4+ 40. Kxf4 g5+ 41. hxg5 hxg5+ 42. Ke5 c4 43. Kd4 c3 44. Kxc3
Nxe4+ 45. Kd4 Nd6 46. c7 Kd7 47. c8=Q+ Nxc8 48. Bxc8+ Kxc8 49. Ke5 Kd8 50.
Kf6 Ke8 51. Kxg5 Kf8 52. Kg6 1-0

[Event "38th Olympiad w"]
[Site "Dresden GER"]
[Date "2008.11.21"]
[Round "8"]
[White "Hallaeva,B"]
[Black "Guerrero Rodriguez,Alej"]
[Result "1-0"]
[WhiteElo "2119"]
[BlackElo "2143"]
[EventDate "2008.11.13"]

1. e4 e6 2. d4 c5 3. c3 d5 4. exd5 Qxd5 5. Nf3 Nc6 6. Bd3 Nf6 7. O-O Bd6 8.
Re1 h6 9. h3 O-O 10. Be3 c4 11. Be2 b5 12. b3 Bb7 13. Nbd2 Na5 14. Qc2 Rac8
15. Nh4 Bb8 16. b4 Nc6 17. Bf3 Qd6 18. g3 Nd5 19. Ne4 Qd8 20. Nc5 Ba8 21.
a4 Nxe3 22. Rxe3 Bf4 23. Re4 Bg5 24. axb5 Bxh4 25. Rxh4 Nxb4 26. Qe2 Nd5
27. Qxc4 Qf6 28. Qd3 Rxc5 29. dxc5 Nxc3 30. Ra3 g5 31. Rb4 Nd5 32. Rb1 Rd8
33. c6 Nf4 34. Qf1 Nd5 35. Bxd5 exd5 36. Rxa7 d4 37. Rba1 Bxc6 38. R7a6 Qf3
39. bxc6 d3 40. Qd1 Qf5 41. Ra8 1-0

[Event "38th Olympiad w"]
[Site "Dresden GER"]
[Date "2008.11.21"]
[Round "8"]
[White "Steil Antoni,F"]
[Black "Thorsteinsdottir,H"]
[Result "1-0"]
[WhiteElo "2166"]
[BlackElo "1915"]
[EventDate "2008.11.13"]

1. e4 c6 2. d4 d5 3. exd5 cxd5 4. Bd3 Nc6 5. c3 Nf6 6. h3 e5 7. dxe5 Nxe5
8. Nf3 Nxd3+ 9. Qxd3 Be7 10. O-O O-O 11. Nbd2 Qc7 12. Re1 a6 13. Nf1 Bc5
14. Be3 b5 15. Bxc5 Qxc5 16. Re5 Bb7 17. Rae1 Rfe8 18. Rxe8+ Rxe8 19. Rxe8+
Nxe8 20. Qf5 Nf6 21. Ne3 b4 22. c4 Qc7 23. Nxd5 Nxd5 24. cxd5 Qc1+ 25. Kh2
Qc7+ 26. Kh1 Qd8 27. Ng5 Qxd5 28. Qxh7+ Kf8 29. Nf3 Qxa2 30. Qh8+ Ke7 31.
Qxg7 Bxf3 32. gxf3 a5 33. Qe5+ Kd7 34. h4 Qe6 35. Qxa5 Qh3+ 36. Kg1 Qxh4
37. Qd5+ Kc8 38. Qe4 Qxe4 39. fxe4 Kd7 40. Kf1 Ke6 41. Ke2 Ke5 42. Ke3 1-0

[Event "38th Olympiad w"]
[Site "Dresden GER"]
[Date "2008.11.21"]
[Round "8"]
[White "Nguyen Thu Giang"]
[Black "Corbin,R"]
[Result "1-0"]
[WhiteElo "2101"]
[BlackElo "1876"]
[EventDate "2008.11.13"]

1. e4 e5 2. Nf3 Nc6 3. Nc3 Bc5 4. g3 a6 5. Bg2 d6 6. d3 Bg4 7. h3 Bh5 8.
Nd5 f6 9. c3 Nge7 10. O-O Bf7 11. d4 Ba7 12. Ne3 Qd7 13. d5 Nd8 14. Nh4 O-O
15. f4 Qb5 16. b3 Qc5 17. Bd2 c6 18. c4 b5 19. Qg4 cxd5 20. exd5 Qc8 21.
Nhf5 1-0

[Event "38th Olympiad w"]
[Site "Dresden GER"]
[Date "2008.11.21"]
[Round "8"]
[White "Matoussi,Amina"]
[Black "Algildah,N"]
[Result "1/2-1/2"]
[WhiteElo "1761"]
[BlackElo "1951"]
[EventDate "2008.11.13"]

1. e4 e6 2. d4 d5 3. exd5 exd5 4. Nf3 Bd6 5. Nc3 c6 6. Be2 Ne7 7. O-O Qc7
8. Re1 Bf5 9. h3 Nd7 10. Nh4 Be6 11. Bg4 Bxg4 12. Qxg4 g6 13. g3 O-O-O 14.
Bf4 Rde8 15. Bxd6 Qxd6 16. Re3 Kd8 17. Rae1 Nc8 18. Qg5+ Qf6 19. Qxf6+ Nxf6
20. Nf3 Rxe3 21. Rxe3 Nd6 22. Ne5 Re8 23. Ng4 Nxg4 24. Rxe8+ Kxe8 25. hxg4
Nc4 26. Nd1 Kd7 27. Kf1 Ke6 28. Ke2 b6 29. Kd3 Nd6 30. b4 b5 31. f3 1/2-1/2

[Event "38th Olympiad w"]
[Site "Dresden GER"]
[Date "2008.11.21"]
[Round "8"]
[White "Sabure,O"]
[Black "Castaneda,Ad"]
[Result "0-1"]
[WhiteElo "1641"]
[BlackElo "2068"]
[EventDate "2008.11.13"]

1. e4 d6 2. d4 g6 3. f4 Bg7 4. Nf3 e6 5. Nc3 b6 6. g3 Bb7 7. Bg2 Ne7 8. O-O
O-O 9. Be3 Nd7 10. h3 a6 11. Qd2 Rc8 12. Nh4 f5 13. exf5 Bxg2 14. Qxg2 Nxf5
15. Nxf5 gxf5 16. Kf2 Kh8 17. Rh1 c5 18. Rad1 cxd4 19. Bxd4 e5 20. Be3 Qe7
21. Kg1 exf4 22. Bxf4 Ne5 23. Kh2 Qc7 24. Rhf1 Qc5 25. a3 Rfd8 26. Rf2 b5
27. Bg5 Nc4 28. Rd5 Qb6 29. Bxd8 Qxd8 30. Qf3 Nxb2 31. Nd1 Nxd1 32. Qxd1
Be5 33. Rxf5 Qg8 34. Rf3 Qg6 35. Rdd3 Qe6 36. Kg2 Qc4 37. Rf2 Rg8 38. Rdf3
Qe4 39. g4 h5 40. Qd3 Qxd3 41. cxd3 hxg4 42. hxg4 Rxg4+ 43. Kf1 Ra4 44. Ra2
Rh4 45. Ke2 Kg7 46. Rc2 Ra4 47. Ke3 Rg4 48. Rc7+ Kg6 49. Rc8 Bd4+ 50. Ke2
Rg2+ 51. Ke1 Rg1+ 52. Rf1 Rxf1+ 53. Kxf1 Bc5 54. Rc6 a5 55. Ra6 b4 56. Rxa5
bxa3 57. Ke2 Kf6 58. Ra4 Ke5 59. Kd2 Kd5 60. Kc3 Bf2 61. Ra5+ Kc6 62. Rxa3
Be1+ 63. Kd4 Bf2+ 64. Ke4 d5+ 65. Kf3 Bc5 66. Rc3 Kb5 67. Kf4 d4 68. Rc4
Bb6 69. Ke5 Ba7 70. Kd5 Bb6 71. Rc8 Ba7 72. Ra8 Bb6 73. Rb8 Ka5 74. Kc6 Kb4
75. Rxb6+ Kc3 76. Kd5 Kxd3 77. Rb4 0-1

[Event "38th Olympiad w"]
[Site "Dresden GER"]
[Date "2008.11.21"]
[Round "8"]
[White "Feliciano,V"]
[Black "Perez,Da"]
[Result "1-0"]
[WhiteElo "2126"]
[BlackElo "1632"]
[EventDate "2008.11.13"]

1. e4 e6 2. d3 d5 3. Nd2 c5 4. Ngf3 Nc6 5. g3 Nge7 6. Bg2 g6 7. O-O Bg7 8.
Re1 b6 9. exd5 exd5 10. c3 a5 11. Nf1 O-O 12. h4 h5 13. Bg5 Re8 14. d4 Be6
15. Ne3 Qd7 16. Ne5 Nxe5 17. dxe5 Rad8 18. Bf6 Kh7 19. Bxg7 Kxg7 20. Qf3
Nf5 21. Rad1 d4 22. g4 hxg4 23. Nxg4 Rh8 24. h5 Qe7 25. Nf6 Nh6 26. cxd4
cxd4 27. Qg3 Nf5 28. Qg5 Rh6 29. Be4 b5 30. f4 b4 31. Kf2 Rhh8 32. Rg1 Rh6
33. Rh1 Rdh8 34. Rdg1 Qc5 35. Bxf5 d3+ 36. Kf3 Bd5+ 37. Nxd5 Qxd5+ 38. Be4
Qe6 39. Qg4 Qa6 40. f5 Kf8 41. fxg6 fxg6 42. hxg6 Rxh1 43. g7+ 1-0

[Event "38th Olympiad w"]
[Site "Dresden GER"]
[Date "2008.11.21"]
[Round "8"]
[White "Rojas,Mo"]
[Black "Chaves,Joa"]
[Result "0-1"]
[WhiteElo "1689"]
[BlackElo "2065"]
[EventDate "2008.11.13"]

1. e4 e5 2. Nf3 Nc6 3. Bc4 Bc5 4. d3 Nf6 5. Bg5 h6 6. Bh4 g5 7. Bg3 d6 8.
c3 Qe7 9. Qc2 Bd7 10. h3 Bb6 11. Nbd2 Na5 12. O-O-O Nh5 13. Nh2 Nf4 14.
Bxf4 gxf4 15. b4 Nxc4 16. Nxc4 O-O-O 17. Nxb6+ axb6 18. f3 Rhg8 19. Rhe1
Rg6 20. Re2 Rdg8 21. Rf2 Qe8 22. Rdd2 Ba4 23. Qb2 Qc6 24. Nf1 b5 25. Rde2
Qb6 26. Kb1 Kd7 27. Qc1 c5 28. a3 Bb3 29. Nd2 Ba4 30. Kb2 Rc8 31. Nb3 f6
32. Rd2 Ke6 33. Rfe2 Rg7 34. Qa1 Rgc7 35. Qa2 Ke7 36. Re1 cxb4 37. cxb4 Rc3
38. Na1 Qd4 39. Qd5 Rc2+ 40. Kb1 Qb2+ 0-1

[Event "38th Olympiad w"]
[Site "Dresden GER"]
[Date "2008.11.21"]
[Round "8"]
[White "Walallawita,L"]
[Black "Maeckelberg,M"]
[Result "0-1"]
[WhiteElo "1818"]
[BlackElo "1959"]
[EventDate "2008.11.13"]

1. e4 Nf6 2. e5 Nd5 3. d4 d6 4. Nf3 Bg4 5. Be2 e6 6. c4 Nb6 7. b3 Be7 8.
Be3 Nc6 9. Nbd2 d5 10. c5 Nd7 11. a3 a5 12. O-O O-O 13. Bd3 Rc8 14. Qc2 h6
15. h3 Bxf3 16. Nxf3 b6 17. Rfc1 bxc5 18. dxc5 Ndxe5 19. Nxe5 Nxe5 20. Be2
Bf6 21. Rab1 d4 22. Rd1 Nc6 23. Qe4 Qd5 24. Qg4 Qf5 25. Qxf5 exf5 26. Bd2
Ra8 27. Bf3 Ra6 28. Bxc6 Rxc6 29. Bxa5 Ra8 30. Bb4 Rca6 31. a4 Rb8 32. Be1
Kf8 33. a5 Ke7 34. b4 c6 35. Ra1 Ke6 36. Ra3 Kd5 37. Rad3 Kc4 38. Kf1 Re8
39. R3d2 Re7 40. Re2 0-1

[Event "38th Olympiad w"]
[Site "Dresden GER"]
[Date "2008.11.21"]
[Round "8"]
[White "Stolarczyk,An"]
[Black "Perera,A"]
[Result "1-0"]
[WhiteElo "2001"]
[BlackElo "1828"]
[EventDate "2008.11.13"]

1. d4 Nf6 2. c4 e6 3. Nc3 Bb4 4. Qc2 b6 5. a3 Bd6 6. e4 e5 7. Nf3 exd4 8.
Nxd4 O-O 9. Bd3 Be5 10. Nf5 Re8 11. O-O d6 12. f4 Bxc3 13. Qxc3 Bxf5 14.
exf5 c5 15. b4 Nbd7 16. Bb2 Re7 17. g4 Ne8 18. g5 f6 19. Rae1 fxg5 20. Rxe7
Qxe7 21. Re1 Qf8 22. fxg5 Ne5 23. Be4 Rc8 24. Bd5+ Kh8 25. Qh3 Nc7 26. g6
h6 27. Rxe5 Nxd5 28. Rxd5 Kg8 29. f6 gxf6 30. Qd7 Qe8 31. Qh7+ Kf8 32. Qh8+
Ke7 33. Qxf6+ Kd7 34. Qxd6+ 1-0

[Event "38th Olympiad w"]
[Site "Dresden GER"]
[Date "2008.11.21"]
[Round "8"]
[White "Hansen,Ev"]
[Black "Saleh,No"]
[Result "1-0"]
[WhiteElo "2169"]
[BlackElo "1876"]
[EventDate "2008.11.13"]

1. d4 d5 2. Nf3 Nf6 3. c4 e6 4. cxd5 exd5 5. Nc3 c6 6. Bg5 Be7 7. Qc2 Nbd7
8. e3 O-O 9. Bd3 Re8 10. O-O Nf8 11. Rab1 Ne4 12. Bxe7 Qxe7 13. b4 a6 14.
a4 Bf5 15. Rfc1 Nxc3 16. Qxc3 Bxd3 17. Qxd3 Ng6 18. b5 axb5 19. axb5 Qf6
20. bxc6 bxc6 21. Rb6 Re6 22. h3 h6 23. Qc2 Rc8 24. Qa4 Rd6 25. Qa6 Rc7 26.
Rb8+ Kh7 27. Qa5 Re7 28. Qa8 Rc7 29. Qa5 Qe7 30. h4 Ra7 31. Qc5 f6 32. h5
Nh8 33. Nh4 Re6 1-0

[Event "38th Olympiad w"]
[Site "Dresden GER"]
[Date "2008.11.21"]
[Round "8"]
[White "Treppendahl,T"]
[Black "Salem,Am"]
[Result "1-0"]
[WhiteElo "2049"]
[BlackElo "1779"]
[EventDate "2008.11.13"]

1. d4 d5 2. Nf3 Nf6 3. Bf4 e6 4. e3 Be7 5. Nbd2 c5 6. c3 Nc6 7. Bd3 a6 8.
Ne5 Nxe5 9. Bxe5 Bd7 10. O-O O-O 11. Bc2 Bc6 12. Qf3 c4 13. Qh3 h6 14. Kh1
b5 15. a3 a5 16. f4 Ne4 17. Nxe4 dxe4 18. f5 f6 19. Bg3 exf5 20. Qxf5 Qd5
21. Qg6 Ra7 22. Bf4 Kh8 23. Bxh6 gxh6 24. Qxh6+ Kg8 25. Qg6+ Kh8 26. Rf3
Bd7 27. Bxe4 Qf7 28. Qh6+ 1-0